000 00336nam a22001457a 4500
008 210429b ||||| |||| 00| 0 eng d
020 _a9780072819823
041 _aeng
080 _24th
_a330
082 _a330
100 _a52
101 _aEKO
245 _aBasic Statistics for Business & Economics
_cLind, D.A
942 _2udc
_cBK
999 _c57000
_d57000